000 00672nam a2200217Ia 4500
003 GCL
008 140319s9999 xx 000 0 ara d
040 _aGCL /
_cGCL
082 0 4 _a812.008
_bن م
100 1 _aنعمات سيد احمد مصطفى
245 1 0 _aمن الدراما الوثائقية /
_cنعمات سيد احمد مصطفى
700 1 _aنعمان عاشور
260 _a[S.N] :
_bالهيئة المصرية العامة للكتاب ،
_c1986
300 _a189 ص
490 _a
650 0 4 _aالادب العربى
650 0 4 _aالمسرحيات
650 0 4 _aتاريخ ونقد
650 0 4 _aالمجموعات
942 _2ddc
_cBK
999 _c28301
_d28301